| 000 | 00434nam a22001217a 4500 | ||
|---|---|---|---|
| 005 | 20250225144023.0 | ||
| 008 | 250225b |||||||| |||| 00| 0 eng d | ||
| 100 |
_aAHMAD, DR. S.M. EJAZ _98599 |
||
| 245 | _aA CRITICAL ANALYSIS OF NATIONAL APPRENTICESHIP TRAINING SCHEME [NATS] AND ITS EMPLOYABILITY ON TECHNICAL GRADUATES : A CASE STUDY OF THE EASTERN REGION | ||
| 260 |
_aNEW DELHI _bBLUE ROSE ONE _c2024 |
||
| 300 | _a204;P | ||
| 942 | _cBK | ||
| 999 |
_c8728 _d8726 |
||